|
|
|
|
| LEADER |
01002nam a2200277 4500 |
| 001 |
c000352856 |
| 003 |
CARM |
| 005 |
00000000000000.0 |
| 008 |
710414s1970 enkacfh 00100aeng |
| 015 |
|
|
|a B70-27333
|
| 019 |
1 |
|
|a 20644986
|z 112675
|z 45090402
|5 LACONCORD2021
|
| 020 |
|
|
|a 0091042402
|
| 035 |
|
|
|a (OCoLC)132549
|5 LACONCORD2021
|
| 040 |
|
|
|d VMOU:C
|d NNCU
|
| 050 |
0 |
0 |
|a PN2598.D33
|b A3
|
| 100 |
1 |
|
|a Dean, Basil,
|d 1888-
|
| 245 |
1 |
0 |
|a Seven ages :
|b an autobiography 1888-1927 /
|c Basil Dean.
|
| 260 |
|
|
|a London :
|b Hutchinson,
|c 1970.
|
| 300 |
|
|
|a xi, 340 p., 13 leaves of plates :
|b ill., facsims., ports ;
|c 25 cm.
|
| 500 |
|
|
|a Facsims. on lining papers.
|
| 500 |
|
|
|a Includes index.
|
| 600 |
1 |
0 |
|a Dean, Basil,
|d 1888-
|
| 852 |
8 |
|
|b CARM
|h A1:AN05E0
|i C09629
|p 0411262
|f BK
|
| 082 |
0 |
4 |
|a 792/.0232/0924
|a B
|
| 999 |
f |
f |
|i 6abf2271-bb83-54d7-9b12-776872ad3b44
|s 33a4ad60-2cfc-56b0-814c-ade81101f454
|
| 952 |
f |
f |
|p Can circulate
|a CAVAL
|b CAVAL
|c CAVAL
|d CARM 1 Store
|e C09629
|f A1:AN05E0
|h Other scheme
|i book
|m 0411262
|